A VASS ÉS TÁRSA KERESKEDELMI KORLÁTOLT FELELŐSSÉGŰ TÁRSASÁG VAGYONI-, PÉNZÜGYI-, JÖVEDELMEZŐSÉGI HELYZETÉNEK ÉRTÉKELÉSE TÖBB ÉV BESZÁMOLÓJA ALAPJÁN

Bibliográfiai részletek
Szerző: Haladin Mária
További közreműködők: Bán Erika
Dokumentumtípus: Diplomadolgozat
Kulcsszavak:vagyoni
pénzügyi
jövedelmi
Online Access:http://dolgozattar.uni-bge.hu/14516

MARC

LEADER 00000nta a2200000 i 4500
001 dolg14516
005 20171218131459.0
008 171218suuuu hu om 000 hun d
040 |a BGE Dolgozattár Repozitórium  |b hun 
041 |a hu 
100 1 |a Haladin Mária 
245 1 2 |a A VASS ÉS TÁRSA KERESKEDELMI KORLÁTOLT FELELŐSSÉGŰ TÁRSASÁG VAGYONI-, PÉNZÜGYI-, JÖVEDELMEZŐSÉGI HELYZETÉNEK ÉRTÉKELÉSE TÖBB ÉV BESZÁMOLÓJA ALAPJÁN  |c Haladin Mária  |h [elektronikus dokumentum] 
246 1 1 |a A VASS ÉS TÁRSA KERESKEDELMI KORLÁTOLT FELELŐSSÉGŰ TÁRSASÁG VAGYONI-, PÉNZÜGYI-, JÖVEDELMEZŐSÉGI HELYZETÉNEK ÉRTÉKELÉSE TÖBB ÉV BESZÁMOLÓJA ALAPJÁN 
695 |a vagyoni 
695 |a pénzügyi 
695 |a jövedelmi 
700 1 |a Bán Erika  |e ths 
856 4 0 |u http://dolgozattar.uni-bge.hu/14516/1/Szakdolgozat.pdf  |z Dokumentum-elérés 
856 4 0 |u http://dolgozattar.uni-bge.hu/14516/2/Titkos%C3%ADt%C3%A1si%20k%C3%A9relem.pdf  |z Dokumentum-elérés